Felruházás
Správa o tom, že Humenský dobročinný židovský ženský spolok pripavuje v januári 1914 akciu ošatenia chudobých židovských detí. Spravidla sa koná každoročne v čase výročnej členskej schôdze. Predstavenstvo spolku riešilo aj otázky okolo úmrtia spolkovej pokladníčky Izsákné Spira....
| Médium: | Článok |
|---|---|
| Jazyk: | Hungarian |
| Témy: | |
| Zdroj: |
1. Homonna és Vidéke : Hetilap 1. Roč. 14, č. 4 (23.01.1914) s. 2 |
| LEADER | 01089nab#a2200313#ar4500 | ||
|---|---|---|---|
| 001 | 000072276 | ||
| 003 | SVKKK | ||
| 005 | 20020607xxxxxxx. | ||
| 008 | 06 c xo huno | ||
| FMT | |||
| 038 | |a SVKKK | ||
| 040 | |a SVKKK |b slo |e AACR2 | ||
| 041 | 0 | |a hun | |
| 044 | |a xo |c SK | ||
| 080 | |a 296:061.2 | ||
| 242 | 1 | 0 | |a Ošatenie |
| 245 | 0 | 0 | |a Felruházás |
| 500 | |a mikrofilm | ||
| 520 | 2 | |a Správa o tom, že Humenský dobročinný židovský ženský spolok pripavuje v januári 1914 akciu ošatenia chudobých židovských detí. Spravidla sa koná každoročne v čase výročnej členskej schôdze. Predstavenstvo spolku riešilo aj otázky okolo úmrtia spolkovej pokladníčky Izsákné Spira. | |
| 650 | 0 | 4 | |a Humenský dobročinný židovský ženský spolok - ošatenie chudobných školákov (akcia) - Humenné - január 1914 - správy |
| 773 | 0 | |t Homonna és Vidéke : Hetilap |g Roč. 14, č. 4 (23.01.1914) s. 2 | |
| 957 | |a Humenné | ||
| 958 | |a CI | ||
| 958 | |a DG | ||
| 958 | |a SK | ||
| 974 | |a Ba |d 20020607 | ||
| 992 | |a RBX | ||
| BAS | |||
| 998 | |a RETRO | ||